Chanteurs par lettre. C - Statistiques

Statistiques générales
  • Ce quiz a été pris 399 fois
  • Le résultat moyen est 9 sur 15
Statistiques - réponses
Chansons Chanteurs % Correct
La corrida / Je l'aime à mourir Francis Cabrel
90%
All i want for christmas is you / Emotions Mariah Carey
90%
Le portrait / Un jour au mauvais endroit Calogero
84%
Wrecking ball / Flowers Miley Cyrus
81%
Aline / les mots bleus Christophe
70%
Havana / Señorita Camilla Cabello
67%
Hymn for the weekend / A sky full of stars Coldplay
67%
Riche / Un homme debout Claudio Capéo
66%
Ma préférence / Mélissa Julien Clerc
58%
Gangsta Paradise / Fantastic voyage Coolio
56%
Parce qu'on vient de loin / Les inséparables Corneille
56%
Big bisou / Papayou Carlos
55%
Hit the road Jack / I can't stop loving you Ray Charles
37%
Up / I like it Cardi B
23%
Obsessed with you / Sprinter Central CEE
14%
Aucun quiz correspondant
Distribution des résultats
% des personnes avec chaque résultat
Percentile par nombre de réponses
Votre historique - résultats
Vous n’avez pas pris ce quiz